000 00747nam a2200229Ii 4500
003 JO-AjNU
008 230605s9999||||xx |||||||||||||| ||und||
020 _a978-9957-33-116-0
040 _aJO-AjNU
_bara
_erda
_cJO-AjNU
041 _aara
050 1 4 _aPJ7531.D28 2007
100 3 _aتأليف أبو الليل، أمين,
_eauthor
_924777
245 0 0 _aالعصر العباسي الثاني
250 _aط1
264 3 1 _aعمان: مؤسسة الوراق للنشر، 2007
300 _a310ص
336 _atext
_btxt
_2rdacontent
337 _aunmediated
_bn
_2rdamedia
338 _avolume
_bnc
_2rdacarrier
490 0 _aتاريخ الأدب العربي 2
650 4 _aالأدب العربي - العصر العباسي
_924778
999 _aA9178
_c12746
_d12746